LEADER 01279nam0 2200325 450 001 000031984 005 20120601094506.0 010 $a978-88-420-4061-3 100 $a20120321d2011----km-y0itaa50------ba 101 0 $aita 102 $aIT 200 1 $a<> storiografia greca$edalle origini alla fine d'Ellenismo$fKlaus Meister$gtraduzione di Mauro Tosti Croce 205 $a10. ed. 210 $aRoma$c<> Laterza$d2011$aBari 215 $a298 p.$d22 cm 225 2 $aManuali Laterza$v32 410 1$12001$aManuali Laterza$v32 606 1 $aStoriografia greca 676 $a938.00722$v(20. ed.)$9Storia della grecia fino al 323. Storiografia 801 0$aIT$bUniversità della Basilicata - B.I.A.$gREICAT$2unimarc 912 $a000031984 996 $aStoriografia greca$998074 997 $aUNIBAS BAS $aLETTERE CAT $aSTD079$b01$c20120321$lBAS01$h1125 CAT $aSTD079$b01$c20120419$lBAS01$h1027 CAT $aMDL$b30$c20120601$lBAS01$h0945 FMT Z30 -1$lBAS01$LBAS01$mBOOK$1BASA1$APolo Storico-Umanistico$2DID$BDidattica$3FRA/110917$6110917$5L110917$820120601$f04$FPrestabile Didattica Z30 -1$lBAS01$LBAS01$mBOOK$1BASA4$APolo di Matera$2DID$BDidattica$3MSR/L110627$6110627$5L110627$820120321$f04$FPrestabile Didattica